Statistics for 人口20万人以上の市

Click here to take the quiz!

General Stats

  • This quiz has been taken 1,592 times
  • The average score is 80 of 111

Answer Stats

都道府県名市名人口% Correct
神奈川県横浜市3,771,961
100%
京都府京都市1,448,964
99%
大阪府大阪市2,756,807
99%
千葉県千葉市978,801
99%
宮城県仙台市1,099,239
99%
広島県広島市1,191,445
99%
埼玉県さいたま市1,339,784
99%
兵庫県神戸市1,510,171
99%
福岡県福岡市1,631,409
99%
北海道札幌市1,973,000
99%
愛知県名古屋市2,325,778
99%
神奈川県川崎市1,540,890
98%
福岡県北九州市924,143
98%
新潟県新潟市778,717
98%
熊本県熊本市737,850
98%
岡山県岡山市719,437
97%
静岡県静岡市683,358
97%
静岡県浜松市783,573
97%
大阪府堺市816,559
97%
鹿児島県鹿児島市589,676
96%
神奈川県相模原市726,559
95%
栃木県宇都宮市514,966
95%
愛媛県松山市505,948
95%
千葉県船橋市645,757
93%
東京都八王子市580,088
93%
兵庫県姫路市525,044
93%
大分県大分市474,314
91%
石川県金沢市459,916
91%
埼玉県川口市591,738
90%
岡山県倉敷市471,459
88%
香川県高松市414,105
86%
富山県富山市409,097
86%
岐阜県岐阜市397,991
85%
長崎県長崎市398,836
85%
千葉県松戸市496,862
84%
宮崎県宮崎市399,476
84%
大阪府東大阪市487,999
83%
広島県福山市455,277
83%
兵庫県西宮市484,489
82%
千葉県市川市496,834
82%
愛知県豊田市417,256
81%
奈良県奈良市351,711
80%
長野県長野市367,902
80%
和歌山県和歌山市351,766
80%
兵庫県尼崎市455,551
80%
神奈川県藤沢市443,451
80%
滋賀県大津市345,541
79%
群馬県高崎市370,277
79%
沖縄県那覇市314,009
77%
高知県高知市321,247
77%
秋田県秋田市303,048
76%
北海道旭川市322,394
76%
千葉県柏市432,450
76%
福島県郡山市324,003
75%
福島県いわき市325,737
75%
群馬県前橋市328,958
75%
茨城県水戸市269,502
74%
青森県青森市268,556
74%
岩手県盛岡市286,219
74%
東京都町田市433,032
74%
三重県津市271,096
73%
福島県福島市278,133
73%
三重県四日市市303,821
73%
埼玉県川越市354,827
70%
福井県福井市258,733
70%
愛知県岡崎市383,100
70%
愛知県豊橋市367,217
69%
神奈川県横須賀市379,803
68%
徳島県徳島市249,534
68%
山形県山形市244,381
67%
新潟県長岡市261,906
67%
大阪府豊中市399,790
66%
福岡県久留米市301,150
65%
山口県下関市248,236
65%
愛知県一宮市376,327
65%
茨城県つくば市252,481
63%
北海道函館市243,655
62%
大阪府枚方市394,320
62%
佐賀県佐賀市231,248
62%
兵庫県明石市304,564
61%
長野県松本市239,460
61%
大阪府高槻市350,222
60%
埼玉県所沢市342,413
59%
長崎県佐世保市237,217
59%
大阪府吹田市391,069
59%
埼玉県越谷市340,723
57%
島根県松江市200,880
56%
青森県八戸市219,003
55%
静岡県富士市242,580
53%
千葉県市原市265,889
51%
愛知県春日井市306,774
50%
大阪府茨木市289,030
48%
兵庫県加古川市257,948
48%
神奈川県平塚市257,713
47%
東京都府中市263,006
47%
神奈川県茅ヶ崎市244,091
44%
広島県呉市205,888
44%
群馬県太田市221,325
42%
群馬県伊勢崎市210,900
42%
東京都調布市243,691
41%
埼玉県春日部市228,241
39%
神奈川県大和市242,680
38%
埼玉県草加市249,216
38%
大阪府八尾市261,584
37%
兵庫県宝塚市224,126
36%
神奈川県厚木市224,095
33%
東京都西東京市207,310
29%
大阪府寝屋川市226,952
27%
埼玉県上尾市228,142
27%
千葉県流山市207,808
25%
千葉県八千代市202,369
20%

Score Distribution

Percentile by Number Answered

Percent of People with Each Score

Your Score History

You have not taken this quiz